| 000 | 01179nam2a22002531 4500 | ||
|---|---|---|---|
| 001 | RU\NLR\INFOCOMM21\5000129290 | ||
| 005 | 20250617003713.0 | ||
| 035 | _a(NLR Aleph) 002318635 | ||
| 090 |
_a4367153 _c4367153 |
||
| 100 | _a20041026d2001 |||y0rusy50 ca | ||
| 101 | 0 | _arus | |
| 102 | _aRU | ||
| 105 | _ay ||||000|y | ||
| 200 | 1 |
_aГравитационное поле, земная кора и верхняя мантия Антарктики _fА.Н. Грушинский и др. |
|
| 210 |
_d2001 _aБ. м. |
||
| 461 | 0 |
_1001RU\NLR\INFOCOMM20\1000037432 _12001#$aРазведочная геофизика$eОбзор. информ.$fВНИИ экономики минер. сырья и геол.-развед. работ (ВИЭМС)$v2001, Вып.1 _94331195 _cМ. _d1987- _fВНИИ экономики минер. сырья и геол.-развед. работ (ВИЭМС) _oОбзор. информ. _tРазведочная геофизика _v2001, Вып.1 |
|
| 700 | 1 |
_aГрушинский _bА.Н. _4070 |
|
| 801 | 1 |
_aRU _bInfoComm _c20050914 |
|
| 801 | 0 |
_aRU _bNLR _gPSBO |
|
| 852 |
_aNLR _jП7/2147 |
||
| 942 | _cISSUE | ||
| 980 | _aNB | ||
| 980 | _aRUSPER | ||